000 00665nam a22002177a 4500
999 _c191910
_d191910
008 220907b ||||| |||| 00| 0 eng d
010 _ab-120245
020 _c150.00
_a81-7341-336-3
035 _ab-120245
037 _bIndian Publishers Distributors Delhi
082 _aS
100 _aBurney, Aziz
245 _aEye Witness/
_cby Aziz Burney and translated into english C.M Agrawal
260 _aNew Delhi
_bIndian Publishers Distributors
_c2004
270 _a156-D, Kamla Nager, Delhi
_bNew Delhi
_e110007
300 _a97p.
_c22 cm (hk.)
700 _aAgrawal, C.M
942 _adpl
_cEN
_2ddc
_hS
_mBUR